000 00937nam a2200301Ia 4500
003 OSt
005 20220912145305.0
006 a|||||r|||| 00| 0
007 ta
008 220909b |||||||| |||| 00| 0 eng d
020 _a0471981230 (hbd)
024 _a81130
037 _b152/2007-2008, 19/03/2008, Apple Books
037 _cTextbook
040 _aCSL
_beng
_cCSL
041 _aeng
082 _aE:88, P2 TE
100 _aRoberts Stan M
245 0 _aHydrolysis, oxidation and reduction
260 _aChichester John Wiley & Sons,Inc.
_c2002
300 _axviii, 225p.
_ccm.
490 _aCatalyst for fine chemical synthesis; 1
500 _aIncludes bibliographical references.; Index 219-225p.
650 _aChemistry
700 _a Poignant Geraldine
942 _hE:88, P2 TE
_cTB
_2CC
999 _c27987
_d27987